000 00870nam a22002292 4500
001 0000001271
005 20151217151811.0
008 070228s xx 000 0 eng d
020 _a0815775512 :
040 _aKABU
_cKABU
050 0 _aHB75
_b.R48
245 1 0 _aRethinking the development experience :
_bessays provoked by the work of Abel O. Hirschman /
_cLloyd Rodwin, Ronald A. Schon, eds.
260 _aWashington, DC :
_aCambridge, Massachusetts :
_bThe Brookings Institution :
_bThe Lincoln Institute of Land Policy,
_cc1994.
300 _ax, 369 p. ;
_c23 cm.
600 1 0 _aHirschman, Albert O.
_xCongresses.
_@0000149901
650 0 _aEconomic development
_xCongresses.
_@0000149902
700 1 _aRodwin, Lloyd.
_@0000149903
700 1 _aSchön, Donald A.
_@0000054797
908 _a070228
950 _@1
999 _c5171
_d5171